Kiswahili kitukuzwe : (Record no. 11618)
[ view plain ]
| 000 -LEADER | |
|---|---|
| fixed length control field | 00764nam a22002172 4500 |
| 001 - CONTROL NUMBER | |
| control field | 0000025113 |
| 005 - DATE AND TIME OF LATEST TRANSACTION | |
| control field | 20151217154514.0 |
| 008 - FIXED-LENGTH DATA ELEMENTS--GENERAL INFORMATION | |
| fixed length control field | 141127s xx 000 0 eng d |
| 020 ## - INTERNATIONAL STANDARD BOOK NUMBER | |
| International Standard Book Number | 9966447791 : |
| 040 ## - CATALOGING SOURCE | |
| Original cataloging agency | KABU |
| Transcribing agency | KABU |
| 245 10 - TITLE STATEMENT | |
| Title | Kiswahili kitukuzwe : |
| Remainder of title | kidato cha 1, 2, 3, 4. |
| 260 ## - PUBLICATION, DISTRIBUTION, ETC. (IMPRINT) | |
| Place of publication, distribution, etc. | Nairobi : |
| Name of publisher, distributor, etc. | Kenya Literature Bureau, |
| Date of publication, distribution, etc. | 2008-11. |
| 300 ## - PHYSICAL DESCRIPTION | |
| Extent | 4 vols. (various pagings) ; |
| 650 #0 - SUBJECT ADDED ENTRY--TOPICAL TERM | |
| Topical term or geographic name as entry element | Swahili language |
| General subdivision | Grammar. |
| -- | 0000178365 |
| 710 2# - ADDED ENTRY--CORPORATE NAME | |
| Corporate name or jurisdiction name as entry element | Kenya. |
| Subordinate unit | Ministry of Education. |
| -- | 0000170496 |
| 852 1# - LOCATION | |
| -- | p603 KES |
| 852 1# - LOCATION | |
| -- | p622 KES |
| 852 1# - LOCATION | |
| -- | p496 KES |
| 908 ## - PUT COMMAND PARAMETER (RLIN) | |
| Put command parameter | 141127 |
| 950 ## - LOCAL HOLDINGS (RLIN) | |
| -- | 1 |
| Withdrawn status | Lost status | Source of classification or shelving scheme | Not for loan | Home library | Current library | Date acquired | Total Checkouts | Total Renewals | Full call number | Barcode | Date last seen | Date last checked out | Price effective from | Koha item type |
|---|---|---|---|---|---|---|---|---|---|---|---|---|---|---|
| Library of Congress Classification | Kabarak, Main Campus | Kabarak, Main Campus | 17/12/2015 | 10 | 1 | PL8702 .K46 2011 Bk3 c. 1 | 016740 | 10/02/2025 | 10/02/2020 | 17/12/2015 | Reserve Collection | |||
| Library of Congress Classification | Kabarak, Main Campus | Kabarak, Main Campus | 17/12/2015 | 9 | PL8702 .K46 2009 Bk4 c. 1 | 016741 | 26/09/2024 | 26/09/2024 | 17/12/2015 | Reserve Collection | ||||
| Library of Congress Classification | Kabarak, Main Campus | Kabarak, Main Campus | 17/12/2015 | 60 | 4 | PL8702 .K46 2008 Bk1 c. 1 | 016738 | 03/03/2022 | 03/03/2022 | 17/12/2015 | Reserve Collection | |||
| Library of Congress Classification | Kabarak, Main Campus | Kabarak, Main Campus | 17/12/2015 | 28 | 1 | PL8702 .K46 2009 Bk2 c. 1 | 016739 | 02/05/2025 | 22/04/2025 | 17/12/2015 | General Collection |